|
|
|
|
| LEADER |
00000nam a2200000 a 4500 |
| 001 |
vtls008310706 |
| 003 |
SK-MaSNL |
| 005 |
20260301050842.0 |
| 008 |
181127s1960 xo 000 slo |
| 015 |
|
|
|a SKSNBA1961/01-00050
|
| 035 |
|
|
|a SK01SNK19610002923
|
| 035 |
|
|
|a SKM000005386
|
| 040 |
|
|
|a SNK
|b slo
|c SNK
|e AACR2
|
| 041 |
1 |
|
|a slo
|
| 044 |
|
|
|a xo
|c SK
|
| 080 |
|
|
|a 672.4:696(075.3)
|2 1981
|
| 100 |
1 |
|
|a Sedlár, Tibor
|4 aut
|9 279035
|
| 245 |
1 |
0 |
|a Technológia 2
|b klampiar a staveb. klampiar : učebný text technológie pre 2. roč. odbor. učilíšť a učňov. škôl učeb. odborov klampiar a staveb. klampiar
|c sprac. Tibor Sedlár
|
| 250 |
|
|
|a 2 nezm. vyd.
|
| 260 |
|
|
|a Bratislava
|b SVTL
|c 1960
|e Bratislava
|f Západoslovenské tlačiarne
|
| 300 |
|
|
|a 214, [1] s.
|c 4°
|
| 490 |
1 |
|
|a Edícia učebníc pre odborné učilištia a učňovské školy
|
| 500 |
|
|
|a Ilustr. Pozn.
|
| 563 |
|
|
|a 1000 výtl.
|
| 650 |
0 |
7 |
|a klampiarstvo
|x učebnice odb. učilíšť (2. roč.)
|x učebnice učňov. škôl (2. roč.)
|2 SNK
|9 357181
|
| 650 |
0 |
7 |
|a klampiarstvo stavebné
|x učebnice odb. učilíšť (2. roč.)
|x učebnice učňov. škôl (2. roč.)
|2 SNK
|9 357182
|
| 655 |
|
7 |
|a učebnice
|2 SNKPH
|9 22521
|
| 830 |
|
0 |
|a Edícia učebníc pre odborné učilištia a učňovské školy
|9 352134
|
| 852 |
|
|
|a Slovenská národná knižnica v Martine
|b 10000
|h SB 7106
|
| 852 |
|
|
|a Slovenská národná knižnica v Martine
|b 10000
|h SB 7106 D1
|
| 958 |
|
|
|a OND
|
| 958 |
|
|
|a TL
|
| 958 |
|
|
|a RK
|
| 958 |
|
|
|a UC
|
| 999 |
|
|
|c 601949
|d 603879
|
| 952 |
|
|
|a SNK
|b SNK
|y VYP
|7 0
|p 17A0668324
|o snkSB 7106/2 D1
|i snkKSP 4708/60
|0 0
|1 0
|4 0
|d 2010-08-25
|l 0
|r 2026-02-23 15:57:35
|w 2026-02-23
|
| 952 |
|
|
|a SNK
|b SNK
|y PREZ
|7 0
|p 17A0742137
|o snkSB 7106/2
|0 0
|1 0
|4 0
|d 2011-11-04
|f 1
|l 0
|r 2026-02-23 15:57:35
|w 2026-02-23
|